Plants vs. Zombies 2: All Plants by Picture - Statistics

General Stats
  • This quiz has been taken 160 times
  • The average score is 69 of 204
Answer Stats
Picture Answer % Correct
Sunflower
99%
Peashooter
93%
Repeater
79%
Twin Sunflower
79%
Primal Peashooter
75%
Primal Sunflower
75%
Fire Peashooter
73%
Tall-nut
70%
Wall-nut
70%
Potato Mine
68%
Split Pea
67%
Pea Pod
66%
Doom-shroom
65%
Electric Peashooter
65%
Threepeater
65%
Hypno-shroom
63%
Primal Potato Mine
63%
Snow Pea
63%
Chomper
62%
Primal Wall-nut
62%
Sun-shroom
61%
Cherry Bomb
60%
Laser Bean
60%
Sun Bean
60%
Pea-nut
59%
Cabbage-pult
58%
Cactus
58%
Magnet-shroom
58%
Scaredy-shroom
58%
Ice-shroom
57%
Melon-pult
57%
Spikeweed
57%
Spring Bean
57%
Coconut Cannon
56%
Snapdragon
56%
Bonk Choy
55%
Hot Potato
55%
Shadow Peashooter
55%
Kernel-pult
54%
Garlic
53%
Puff-shroom
53%
Blover
52%
Chili Bean
48%
Winter Melon
48%
Grave Buster
47%
Pepper-pult
47%
Bloomerang
46%
Endurian
46%
Goo Peashooter
46%
Lily Pad
46%
Aloe
45%
Citron
45%
Ghost Pepper
45%
Moonflower
45%
Spikerock
45%
Sweet Potato
45%
Pumpkin
44%
Jalapeno
43%
Pea Vine
43%
Banana Launcher
42%
Perfume-shroom
42%
Snap Pea
42%
Squash
42%
Starfruit
42%
Iceberg Lettuce
41%
Imitater
41%
Infi-nut
41%
E.M.Peach
39%
Gold Leaf
39%
Torchwood
39%
Mega Gatling Pea
38%
Explode-O-Nut
37%
Caulipower
36%
Electric Blueberry
36%
Lightning Reed
36%
A.K.E.E
35%
Apple Mortar
35%
Lava Guava
35%
Tangle Kelp
35%
Appease-mint
34%
Dandelion
34%
Nightshade
34%
Sea-shroom
34%
Chard Guard
33%
Hot Date
33%
Ice Weed
33%
Bowling Bulb
32%
Cold Snapdragon
32%
Homing Thistle
32%
Gumnut
31%
Magnifying Grass
31%
Enlighten-mint
30%
Hurrikale
30%
Kiwibeast
30%
Shadow Shroom
30%
Bombard-mint
29%
Gloom Vine
29%
Nightcap
29%
Phat Beet
29%
Sling Pea
29%
Chilly Pepper
28%
Dusk Lobber
28%
Guacodile
28%
Parsnip
28%
Pepper-mint
28%
Power Lily
28%
Red Stinger
28%
Reinforce-mint
28%
Toadstool
28%
Turkey-pult
28%
Celery Stalker
27%
Escape Root
27%
Jack O' Lantern
27%
Levitater
27%
Seashooter
27%
Buttercup
26%
Electric Currant
26%
Grapeshot
26%
Shrinking Violet
26%
Spore-shroom
26%
Tile Turnip
26%
Imp Pear
25%
Stunion
25%
Teleportato Mine
25%
Blockoli
23%
Grimrose
23%
Sap-fling
23%
Thyme Warp
23%
Winter-mint
23%
Arma-mint
22%
Bombegranate
22%
Conceal-mint
22%
Enchant-mint
22%
Enforce-mint
22%
Ice Bloom
22%
Pokra
22%
Rotobaga
22%
Spear-mint
22%
Stallia
22%
Wasabi Whip
22%
Ail-mint
21%
Boingsetta
21%
Boom Balloon
21%
Fila-mint
21%
Inferno
21%
Bean Sprout
20%
Electrici-tea
20%
Intensive Carrot
20%
Meteor Flower
20%
Missile Toe
20%
Shine Vine
20%
Solar Tomato
20%
Zoybean Pod
20%
Blastberry Vine
19%
Blooming Heart
19%
Dartichoke
19%
Olive Pit
19%
Solar Sage
19%
Ultomato
19%
Electric Peel
18%
Vamporcini
18%
Guard-shroom
17%
Headbutter Lettuce
17%
Puffball
17%
Tiger Grass
17%
Tumbleweed
17%
Witch Hazel
17%
Bamboo Spartan
16%
Bud'uh Boom
16%
Contain-mint
16%
Dazey Chain
16%
Draftodil
16%
Heath Seeker
16%
Hocus Crocus
16%
Holly Barrier
16%
Power Vine
16%
Pyre Vine
16%
Bun Chi
15%
Explode-o-Vine
15%
Stickybomb Rice
15%
Strawburst
15%
Bramble Bush
14%
MayBee
14%
Murkadamia
14%
Aqua Vine
13%
Blaze Leaf
13%
Bzzz Button
13%
Tomb Tangler
13%
BoomBerry
12%
Corn-fetti Popper
12%
Mangofier
12%
Noctarine
12%
Rhubarbarian
12%
Cran Jelly
11%
SeaFlora
11%
Blast Spinner
10%
Frost Bonnet
10%
Sundew Tangler
10%
Devour Bloom
9%
Dragon Bruit
9%
Hammeruit
7%
Sour Shot
7%
Sweetheart Snare
7%
Znake Lily
6%
No matching quizzes found
Score Distribution
Percent of People with Each Score
Percentile by Number Answered
Your Score History
You have not taken this quiz